<?xml version="1.0" encoding="UTF-8"?>
<collection xmlns="http://www.loc.gov/MARC21/slim">
 <record>
  <leader>02246nam a22003857a 4500</leader>
  <controlfield tag="001">44980</controlfield>
  <controlfield tag="003">BD-DhAAL</controlfield>
  <controlfield tag="005">20251026132504.0</controlfield>
  <controlfield tag="008">251026t2024    bg ||||| |||| 00| 0dben d</controlfield>
  <datafield tag="020" ind1=" " ind2=" ">
   <subfield code="a">9789849891505 (hardcover)</subfield>
  </datafield>
  <datafield tag="040" ind1=" " ind2=" ">
   <subfield code="a">BD-DhAAL</subfield>
   <subfield code="c">BD-DhAAL</subfield>
  </datafield>
  <datafield tag="041" ind1=" " ind2=" ">
   <subfield code="a">ben</subfield>
  </datafield>
  <datafield tag="082" ind1=" " ind2=" ">
   <subfield code="a">891.4487109</subfield>
   <subfield code="2">23</subfield>
  </datafield>
  <datafield tag="245" ind1=" " ind2=" ">
   <subfield code="a">অতীত থেকে অধুনা :</subfield>
   <subfield code="b">বাংলাদেশের নারী লেখক /</subfield>
   <subfield code="c">সম্পাদক, নিয়াজ জামান এবং অন্যান্য.</subfield>
  </datafield>
  <datafield tag="246" ind1="3" ind2="1">
   <subfield code="a">Ateet theke adhuna :</subfield>
   <subfield code="b">Bangladesher nari lekhok</subfield>
  </datafield>
  <datafield tag="260" ind1=" " ind2=" ">
   <subfield code="a">ঢাকা :</subfield>
   <subfield code="b">পাঞ্জেরী পাবলিকেশন্স,</subfield>
   <subfield code="c">২০২৪.</subfield>
  </datafield>
  <datafield tag="300" ind1=" " ind2=" ">
   <subfield code="a">৫৭৬ পৃষ্ঠা ;</subfield>
   <subfield code="c">২১ সে.মি.</subfield>
  </datafield>
  <datafield tag="500" ind1=" " ind2=" ">
   <subfield code="a">প্রথম প্রকাশ</subfield>
  </datafield>
  <datafield tag="526" ind1=" " ind2=" ">
   <subfield code="a">ENH</subfield>
   <subfield code="x">Sabreena Ahmed, PhD
Associate Professor
Department of English and Humanities
BRAC University

Course Name : N/A</subfield>
  </datafield>
  <datafield tag="541" ind1=" " ind2=" ">
   <subfield code="a">Karim International</subfield>
   <subfield code="e">44980</subfield>
  </datafield>
  <datafield tag="650" ind1=" " ind2=" ">
   <subfield code="a">Women authors, Bengali</subfield>
   <subfield code="z">Bangladesh</subfield>
   <subfield code="v">Biography.</subfield>
   <subfield code="9">46641</subfield>
  </datafield>
  <datafield tag="650" ind1=" " ind2=" ">
   <subfield code="a">Authors, Bengali</subfield>
   <subfield code="z">Bangladesh</subfield>
   <subfield code="v">Biography.</subfield>
  </datafield>
  <datafield tag="651" ind1=" " ind2=" ">
   <subfield code="a">Bangladesh</subfield>
   <subfield code="x">Intellectual life.</subfield>
  </datafield>
  <datafield tag="700" ind1=" " ind2=" ">
   <subfield code="a">জামান, নিয়াজ,</subfield>
   <subfield code="e">সম্পাদক.</subfield>
   <subfield code="9">59728</subfield>
  </datafield>
  <datafield tag="700" ind1=" " ind2=" ">
   <subfield code="a">আখতার, সৌদা,</subfield>
   <subfield code="e">সম্পাদক.</subfield>
   <subfield code="9">59729</subfield>
  </datafield>
  <datafield tag="700" ind1=" " ind2=" ">
   <subfield code="a">খান, রাজিয়া সুলতানা,</subfield>
   <subfield code="e">সম্পাদক.</subfield>
   <subfield code="9">59730</subfield>
  </datafield>
  <datafield tag="700" ind1=" " ind2=" ">
   <subfield code="a">পারভীন, আফরোজা,</subfield>
   <subfield code="e">সম্পাদক.</subfield>
   <subfield code="9">28875</subfield>
  </datafield>
  <datafield tag="700" ind1=" " ind2=" ">
   <subfield code="a">রহমান, ঝর্না,</subfield>
   <subfield code="e">সম্পাদক.</subfield>
   <subfield code="9">59731</subfield>
  </datafield>
  <datafield tag="700" ind1=" " ind2=" ">
   <subfield code="a">কবীর, জ্যাকী,</subfield>
   <subfield code="e">সম্পাদক.</subfield>
   <subfield code="9">59732</subfield>
  </datafield>
  <datafield tag="700" ind1=" " ind2=" ">
   <subfield code="a">কামরুন নাহার, নূর,</subfield>
   <subfield code="e">সম্পাদক.</subfield>
   <subfield code="9">59733</subfield>
  </datafield>
  <datafield tag="700" ind1=" " ind2=" ">
   <subfield code="a">রহমান, মর্জিয়া,</subfield>
   <subfield code="e">সম্পাদক.</subfield>
   <subfield code="9">59734</subfield>
  </datafield>
  <datafield tag="852" ind1=" " ind2=" ">
   <subfield code="a">Ayesha Abed Library</subfield>
   <subfield code="c">General  Stacks</subfield>
  </datafield>
  <datafield tag="942" ind1=" " ind2=" ">
   <subfield code="c">BK</subfield>
   <subfield code="2">ddc</subfield>
  </datafield>
  <datafield tag="999" ind1=" " ind2=" ">
   <subfield code="c">47607</subfield>
   <subfield code="d">47607</subfield>
  </datafield>
  <datafield tag="952" ind1=" " ind2=" ">
   <subfield code="0">0</subfield>
   <subfield code="1">0</subfield>
   <subfield code="2">ddc</subfield>
   <subfield code="4">0</subfield>
   <subfield code="6">891_448710900000000_ATE</subfield>
   <subfield code="7">0</subfield>
   <subfield code="9">78397</subfield>
   <subfield code="a">BRACUL</subfield>
   <subfield code="b">BRACUL</subfield>
   <subfield code="c">NEW</subfield>
   <subfield code="d">2025-10-21</subfield>
   <subfield code="e">Karim International</subfield>
   <subfield code="g">1087.00</subfield>
   <subfield code="l">0</subfield>
   <subfield code="o">891.4487109 ATE</subfield>
   <subfield code="p">3010044980</subfield>
   <subfield code="r">2025-10-21</subfield>
   <subfield code="t">1</subfield>
   <subfield code="v">2174.00</subfield>
   <subfield code="w">2025-10-21</subfield>
   <subfield code="y">BK</subfield>
   <subfield code="x">Requisitioned by Sabreena Ahmed (Associate Professor, Department of English and Humanities, BRAC University).</subfield>
  </datafield>
 </record>
</collection>
